Statistics for Ghost members

Click here to take the quiz!

General Stats

  • This quiz has been taken 83 times
  • The average score is 12 of 18

Answer Stats

HintAnswer% Correct
DrumsMountain
96%
BassistRain
96%
Lead guitaristSodo/Dewdrop
96%
MultiSwiss
94%
Keyboard/key-tar/
background vocals
Cirrus
91%
Ex-rhtym guitarAether
89%
Keyboard/tambourine/
background vocals
Cumulus
89%
Rhtym guitarPhantom
85%
MultiAurora
83%
Backup vocalsSunshine
74%
Rhtym guitar era 1,2 and 3Omega
70%
SingerPapa Emeritus IV
51%
Did the interviews of the bandSpecial ghoul
43%
Bassist era 3Mist
34%
Lead guitarist era 3Ifrit
28%
Seen in era 3Cowbell ghoul
26%
Keyboard/key-tar era 3Zephyr
23%
Bassist era 1Chain ghoul
11%

Score Distribution

Percentile by Number Answered

Percent of People with Each Score

Your Score History

You have not taken this quiz